000 00979 a2200265 4500
999 _c533145
_d533145
003 OSt
005 20191212154838.0
008 120703t xxu||||| |||| 00| 0 eng d
010 _a 78004929
020 _a0471020346
038 _aMSOHAIL
040 _c0
082 0 0 _a624.1834
100 1 _aNilson, Arthur H.
_920244
245 1 0 _aDesign of prestressed concrete /
_cArthur H. Nilson.
260 _aIndia:
_bAsia Publisher ,
_cc1978.
300 _axiii, 450 p. :
_bill. ;
_c24 cm.
650 1 0 _aPrestressed concrete construction.
_920245
650 1 0 _aPoured concrete
_xstructural engineering
_926885
650 1 0 _aConcrete
_xstructural engineering
_926886
856 4 2 _3Publisher description
_uhttp://www.loc.gov/catdir/enhancements/fy0608/78004929-d.html
856 4 2 _3Table of contents only
_uhttp://www.loc.gov/catdir/enhancements/fy0608/78004929-t.html
942 _aSADA
_cBK
_k624.1834 NIL 1978
_2ddc